Регионална библиотека "Любен Каравелов" - Русе

Peintures Romanes des eglises de France (Запис номер 137982)

MARC детайли
000 -Лидер
Контролно поле с фиксирана дължина 01122nam a2200337 c 4500
003 - Код на организацията, давaща контролен номер
Контролно поле BLK
005 - Дата и час на последна редакция
Контролно поле 20200430091023.0
008 - Елементи от данни с фиксирана дължина
fixed length control field 180409b bul|||||r ||||||| ||bul||
010 ## - Наследен системен номер
LC control number KNG00143961000
040 ## - Източник на каталожния запис
Идентификатор на билиотеката - собственик на записа BLK
041 ## - Код за език
Код за езика на текст/звукозапис или на отделно заглавие Френски
Код за езика КДБФ Френски
080 ## - УДК
Текстов определител УДК Религиозна живопис
УДК код - определител по УДК 75.046
УДК определител (44)
УДК - код + определител 75.046(44)
100 1# - Редна дума - Автор
Автор Focillon, Henri
Авторска отговорност първи автор
R(LIN) 10152
139 ## - Редно поле
Редна дума Focillon, Henri
Авторски знак Fo - F 71
Feature heading Ф 73 Х
245 10 - Сведения за заглавието
Заглавие Peintures Romanes des eglises de France
Редно поле (дума) Henri Focillon.
257 ## - Страна на издаване
Страна на създаване/издаване Франция
260 ## - Област на издателските данни
Име на издателя, разпространителя и проч. Flammarion
Година на издаване 1967
300 ## - Физическа характеристика
Страници 192 p.
Илюстрации и др. ill
Размери/Мащаб 21 cm
380 ## - Жанр
Жанр Изкуство
500 ## - Общи забележки
Забележка Библиогр. с. 185-188. - Именен показалец.
650 #4 - Допълнително описание по предмет – тема
Основно описание – тема или топоним Живопис, религиозна
9 (RLIN) 276521
650 #4 - Допълнително описание по предмет – тема
Основно описание – тема или топоним Живопис, френска
9 (RLIN) 250990
651 #4 - Допълнително описание по предмет - топоним
Географско понятие Франция
9 (RLIN) 179722
653 ## - Ключова дума – ненормативна
Ключова дума религиозна живопис
653 ## - Ключова дума – ненормативна
Ключова дума Франция
852 ## - Местоположение
Форматна сигнатура Цб 52976
856 4# - Електронен адрес и достъп
Електронен формат pdf - файл
856 4# - Електронен адрес и достъп
Електронен формат pdf - файл
999 ## - СИСТЕМНИ КОНТРОЛНИ НОМЕРА
Koha biblionumber 137982
Koha biblioitemnumber 137982
942 ## - АРТИКУЛИ
Вид на библиотечния материал Книги
Скрит в OPAC Не
Периодичен библиозапис Да
944 ## - СЪЗДАВАНЕ И РЕДАКЦИЯ на ЗАПИСА
Създаване/Редакция Създаване
Дата на регистрацията/редакция 12.06.2013
Статус, дата на статуса 12.06.2013 - от С1,Р / 12.06.2013
Служител, извършил регистрацията/редакцията Ирена_Линкова
944 ## - СЪЗДАВАНЕ И РЕДАКЦИЯ на ЗАПИСА
Създаване/Редакция Редакция
Дата на регистрацията/редакция 12.06.2013
Статус, дата на статуса 12.06.2013 - от С1,Р / 12.06.2013
999 ## - СИСТЕМНИ КОНТРОЛНИ НОМЕРА
Koha biblioitemnumber 137982
Наличности
Код за отписване Код за изгубен артикул Източник на класификационната схема Код за повреда Коз за рестрикции Код за отдаване Артикулен № Име на библиотеката - собственик Име на библиотеката, в която се намира в момента Статус (Текущо местоположение) Дата на вписване в системата Местоположение - отдел Цена в лева Инвентарен номер Систематично азбучна сигнатура Баркод Номер на екземпляра Цена в евро Служебна бележка Служебен тип на артикула
  Не е изгубен Universal Decimal Classification Не е повреден без рестрикции заемане за дома 225609 Регионална библиотека "Любен Каравелов" Русе Регионална библиотека "Любен Каравелов" Русе Отдел Изкуство - подръчен фонд 1967-01-01 Отдел Изкуство - подръчен фонд 1.16 68873 75.04/Ф 73 Х 120000068873 1 0.59 Дост: Pk Вид: Ф N: стар фонд Дата: 01.01.1967 Дата инв: 16.02.2015 Бележки инв: ИП2015 Книги
Vip Innovations Ltd, Rousse, Bulgaria 2025